Normal view
MARC view
- Tarrab,Ali
Entry Personal Name
001 - CONTROL NUMBER
- control field: 129054
003 - CONTROL NUMBER IDENTIFIER
- control field: NUST
005 - DATE AND TIME OF LATEST TRANSACTION
- control field: 20250522104926.0
008 - FIXED-LENGTH DATA ELEMENTS
- fixed length control field: 250522|| aca||aabn | a|a d
040 ## - CATALOGING SOURCE
- Original cataloging agency: NUST
- Transcribing agency: NUST
100 ## - HEADING--PERSONAL NAME
- Personal name: Tarrab,Ali
670 ## - SOURCE DATA FOUND
- Source citation: Work cat.: (NUST): Tarrab,Ali , MXene Epoxy Nanocomposites for Enhanced Adhesive Bonding: Characterization and Performance Evaluation in Single-Lap Joints (SLJs)
